| 000 | 02292nam0a2200385 i 4500 | ||
|---|---|---|---|
| 001 | RU\NLR\BIBL_A\010860016 | ||
| 005 | 20241114205028.0 | ||
| 010 |
_a9785897644810 _972 |
||
| 021 |
_aRU _b2015-68491 _94101 |
||
| 035 | _a(NILC)RuMoRGB-008012507 | ||
| 035 | _a(NLR Aleph) 010860016 | ||
| 090 |
_a10416224 _c10416224 |
||
| 100 | _a20151013d2015 u y0rusy50 ca | ||
| 101 | 0 | _arus | |
| 102 | _aRU | ||
| 105 | _aa|||j||||||y| | ||
| 200 | 1 |
_aЭксплуатация систем водоснабжения и водоотведения _eучебное пособие _eдля обучающихся по направлению подготовки 280100.62 "Природообустройство и водопользование" _fА. А. Кадысева, И. Г. Ушакова, С. А. Анисимова _gМ-во сельского хоз-ва Российской Федерации, Федеральное гос. бюджетное образовательное учреждение высш. проф. образования "Омский гос. аграрный ун-т им. П. А. Столыпина" (ФГБОУ ВПО ОмГАУ им. П. А. Столыпина) |
|
| 210 |
_aОмск _cИзд-во ФГБОУ ВПО ОмГАУ _d2015 |
||
| 215 |
_a75 с. _cил., табл. _d20 |
||
| 320 | _aБиблиогр.: с. 75 | ||
| 320 | _aПредм. указ.: с. 73-74 | ||
| 606 |
_aВодопроводные сети _jУчебные издания для высших учебных заведений _xЭксплуатация _92321402 _3RU\NLR\AUTH\661388765 |
||
| 606 |
_aКанализационные сети _jУчебные издания для высших учебных заведений _xЭксплуатация _92375084 _3RU\NLR\AUTH\661417415 |
||
| 675 | _a628.3 | ||
| 686 | 1 | _aН761.106-082я73-1 | |
| 686 | 1 | _aН761.201-082я73-1 | |
| 700 | 1 |
_aКадысева _bА. А. _gАнастасия Александровна |
|
| 701 | 1 |
_aУшакова _bИ. Г. _gИрина Григорьевна |
|
| 701 | 1 |
_aАнисимова _bС. А. _gСветлана Александровна |
|
| 801 | 0 |
_aRU _bРГБ _c20150903 _gRCR |
|
| 801 | 1 |
_aRU _bРГБ _c20150903 _2rusmarc |
|
| 942 | _cBOOK | ||
| 980 | _aNBR | ||